Statistiques concernant Ils sont nés un 9 août

Cliquez ici pour prendre le quiz!

Statistiques générales

  • Ce quiz a été pris 40 fois
  • Le résultat moyen est 4 sur 8

Statistiques - réponses

Réponse% Correct
Audrey Tautou
79%
Whitney Houston
79%
Filippo Inzaghi
55%
Anémone
45%
Juanes
42%
Gillian Anderson
29%
Melanie Griffith
26%
Catherine Langeais
24%

Distribution des résultats

Percentile par nombre de réponses

% des personnes avec chaque résultat

Votre développement - résultats

Vous n’avez pas pris ce quiz